Estádios do Brasil aleatórios por imagem - Statistics

Estatísticas Gerais
  • Esse quiz foi jogado 689 vezes
    592 desde o último reset
  • A pontuação média é 12 de 30
Estatísticas das Respostas
Imagem Hint Resposta % Correto
Rio de Janeiro - RJ Maracanã
93%
São Paulo - SP Neo Química Arena
93%
Belo Horizonte - MG Arena MRV
92%
São Paulo - SP Morumbi
92%
Fortaleza - CE Arena Castelão
90%
Porto Alegre - RS Estádio Beira-Rio
89%
São Paulo - SP Allianz Parque
88%
Rio de Janeiro - RJ Estádio São Januário
88%
Belo Horizonte - MG Mineirão
88%
Santos - SP Vila Belmiro
88%
Porto Alegre - RS Arena do Grêmio
87%
Rio de Janeiro - RJ Estádio Olímpico Nilton Santos
87%
Brasília - DF Mané Garrincha
87%
São Paulo - SP Estádio do Pacaembu
86%
Curitiba - PR Arena da Baixada
83%
Salvador - BA Arena Fonte Nova
79%
Cuiabá - MT Arena Pantanal
79%
Recife - PE Ilha do Retiro
75%
Curitiba - PR Estádio Couto Pereira
72%
Natal - RN Arena das Dunas
71%
Belo Horizonte - MG Estádio Independência
71%
Salvador - BA Barradão
70%
Campinas - SP Estádio Brinco de Ouro da Princesa
68%
Chapecó - SC Arena Condá
67%
Florianópolis - SC Estádio da Ressacada
65%
Barueri - SP Arena Barueri
60%
São Luís - MA Castelão
58%
Recife - PE Estádio do Arruda
55%
Caxias do Sul - RS Estádio Alfredo Jaconi
54%
Goiânia - GO Estádio Serra Dourada
54%
São Paulo - SP Canindé
51%
Londrina - PR Estádio do Café
51%
São Lourenço da Mata - PE Arena Pernambuco
49%
Belém - PA Estádio do Mangueirão
48%
Maceió - AL Estádio Rei Pelé
48%
Bragança Paulista - SP Estádio Nabi Abi Chedid
47%
Goiânia - GO Estádio da Serrinha
45%
Campinas - SP Estádio Moisés Lucarelli
45%
Manaus - AM Arena da Amazônia
43%
Rio de Janeiro - RJ Estádio das Laranjeiras
43%
Florianópolis - SC Estádio Orlando Scarpelli
43%
Criciúma - SC Estádio Heriberto Hülse
37%
Goiânia - GO Estádio Antônio Accioly
34%
Recife - PE Estádio dos Aflitos
34%
Joinville - SC Arena Joinville
29%
Araraquara - SP Estádio da Fonte Luminosa
29%
Salvador - BA Estádio de Pituaçu
28%
Natal - RN Frasqueirão
28%
Curitiba - PR Vila Capanema
28%
Belém - PA Curuzu
26%
Ponta Grossa - PR Estádio Germano Krüger
26%
Macapá - AP Zerão
26%
Campina Grande - PB Amigão
24%
Fortaleza - CE Estádio Presidente Vargas
24%
Volta Redonda - RJ Estádio Raulino de Oliveira
23%
São Paulo - SP Rua Javari
23%
Itu - SP Estádio Novelli Júnior
22%
Goiânia - GO Estádio Onésio Brasileiro Alvarenga
22%
Gama - DF Bezerrão
21%
Maringá - PR Estádio Willie Davids
21%
Presidente Prudente - SP Prudentão
21%
Uberlândia - MG Parque do Sabiá
19%
Ribeirão Preto - SP Arena Eurobike/Estádio Santa Cruz
18%
Cariacica - ES Estádio Kleber Andrade
18%
São Caetano do Sul - SP Estádio Anacleto Campanella
17%
João Pessoa - PB Almeidão
16%
Taguatinga - DF Boca do Jacaré
16%
Sete Lagoas - MG Arena do Jacaré
15%
Belém - PA Baenão
15%
Ipatinga - MG Ipatingão
13%
Teresina - PI Albertão
10%
Tombos - MG Almeidão
10%
Aracaju - SE Batistão
9%
Rio Branco - AC Arena da Floresta
8%
Brusque - SC Estádio Augusto Bauer
8%
Campo Grande - MS Morenão
8%
Jundiaí - SP Estádio Jayme Cintra (Estádio Doutor Jayme Pinheiro de Ulhôa Cintra
7%
Juazeiro do Norte - CE Arena Romeirão
6%
Santo André - SP Estádio Bruno José Daniel
5%
Itajaí - SC Gigantão das Avenidas
5%
Juiz de Fora - MG Estádio Mário Helênio
4%
Feira de Santana - BA Joia da Princesa
4%
Marília - SP Abreuzão
3%
Nova Lima - MG Alçapão do Bonfim
3%
Pelotas - RS Estádio Bento Mendes
3%
Novo Horizonte - SP Estádio Doutor Jorge Ismael de Biasi
3%
Goiânia - GO Estádio Olímpico Pedro Ludovico Teixeira
3%
Araras - SP Estádio Doutor Hermínio Ometto
2%
Rio de Janeiro - RJ Estádio de Moça Bonita
1%
Rio de Janeiro - RJ Estádio Giulite Coutinho
1%
Itápolis - SP Estádios dos Amaros
1%
São Paulo - SP Estádio Nicolau Alayon
0%
Nenhum quiz correspondente encontrado
Distribuição das Pontuações
Porcentagem de Pessoas com Cada Pontuação
Percentil de Números Respondidos
Sua Pontuação Histórica
Você não jogou esse quiz desde o último reset